00303nam a2200133Ia 45000030006000000080041000060400015000471000018000622450016000802500010000962600034001065460012001400050017001520STCL150530s9999 xx 000 0 und d aSTCLcSTCL aMiller Arthur aAll my sons aFirst bOxford University pressc1976 aEnglish20220125171340.0